000 01089nam a22003377a 4500
001 BR0500441
003 BR-BrBNA
005 20230928101815.0
007 ta
008 230509b bl.||||| |||| 00| 0 por d
040 _aBR-BrBNA
_bpor
_cBiblioteca Nacional de Agricultura
041 _a(Por)
072 _aP10; P36; P33
090 _ P10 BR0500441
100 1 _aBartoletto Júnior, M.J.
110 1 _aCentro de Energia Nuclear na Agricultura, Piracicaba, SP (Brasil)
_0Tese (Doutor em Ciências)
245 1 _aCaracterísticas hidrogeoquímicas e processos erosivos mecânicos e químicos nas bacias de drenagem dos rios Tietê e Piracicaba
260 3 _aPiracicaba, SP (Brasil):
_c2004.
300 _a202 p.
500 _aSummaries (Eng, Por); Bibliography p. 193-202; 96 illus.; 28 tables
650 _aBACIA HIDROGRÁFICA
650 _aCHUVA
650 _aEROSÃO HÍDRICA
650 _aHIDROGEOLOGIA
650 _aSEDIMENTO
650 _aFLUVIOMETRIA
650 _aGEOQUÍMICA
650 _aSÃO PAULO
909 _a202309
_bLucia
_c55
_dLucia Elande
942 _cBK
999 _c67680
_d67680